[Event "HCL-C102"]
[Site "www.playchess.de"]
[Date "2001.02.05"]
[Round "36"]
[White "locko"]
[Black "Robama"]
[WhiteElo "1000"]
[BlackElo "1401"]
[PlyCount "29"]
[Result "1-0"]

1.g3 e6 2.Nf3 d6 3.Bg2 e5 4.e4 Nc6 5.d3 Nf6 6.c4 
Nb4 7.a3 Na6 8.b4 c5 9.Nc3 cxb4 10.axb4 Nxb4 
11.Qa4+ Nc6 12.Ba3 Qa5 13.Qxa5 Nxa5 14.Bc1 Nb3 
15.Rb1 1-0

[Event "HCL-C120"]
[Site "www.playchess.de"]
[Date "2001.02.05"]
[Round "13"]
[White "CrazyIan"]
[Black "Jester"]
[WhiteElo "1000"]
[BlackElo "1359"]
[PlyCount "21"]
[Result "1-0"]

1.e4 e5 2.d3 Nf6 3.Nc3 Bb4 4.Bd2 d5 5.Nf3 d4 6.Nb5 
Bxd2+ 7.Qxd2 Qe7 8.Ng5 a6 9.Qa5 b6 10.Qa3 c6 
11.Nd6+ 1-0

[Event "HCL-C128"]
[Site "www.playchess.de"]
[Date "2001.02.05"]
[Round "1"]
[White "xerxes2u"]
[Black "TRIPLE_H"]
[WhiteElo "1000"]
[BlackElo "199"]
[PlyCount "43"]
[Result "1/2-1/2"]

1.Nf3 d5 2.g3 Nf6 3.Bg2 g6 4.O-O Bg7 5.d3 O-O 
6.Nbd2 e6 7.e4 dxe4 8.dxe4 Nc6 9.Re1 Nd4 10.a4 
Nxf3+ 11.Qxf3 e5 12.Nc4 Bg4 13.Qc3 Qe7 14.Bg5 Qe6 
15.Rad1 {Good to be back}  Bxd1 {yeah!same to me}  
16.Rxd1 {got too eager to play again and made a 
REALY stupid move!}  Rfd8 {so poor}  17.Re1 Qg4 
18.Bc1 {How's the weather?}  Rd1 {not bad}  
19.Nxe5 {Snow here}  Rxe1+ 20.Qxe1 Qe6 21.Nd3 b6 
22.e5 1/2-1/2

[Event "HCL-C128"]
[Site "www.playchess.de"]
[Date "2001.02.05"]
[Round "7"]
[White "Mother_Teresa"]
[Black "xerxes2u"]
[WhiteElo "1174"]
[BlackElo "1000"]
[PlyCount "68"]
[Result "0-1"]

1.e4 d6 2.d4 Nf6 3.Nc3 g6 4.Nf3 Bg7 5.Bd3 O-O 
6.O-O c6 7.Bf4 Qc7 8.e5 Nh5 9.exd6 exd6 10.Be3 Nd7 
11.Be2 Nb6 12.a3 d5 13.Nd2 Nf6 14.Nf3 Re8 15.b3 
Ne4 16.Nxe4 dxe4 17.Nd2 Nd5 18.Bg5 Bxd4 19.c3 Nxc3 
20.Qe1 Nxe2+ 21.Kh1 Nf4 22.Bxf4 Qxf4 23.g3 Qe5 
24.Nc4 Qc7 {Good to be back}  25.Rd1 c5 26.Ne3 b6 
27.Nd5 Qe5 28.Nf4 Bb7 29.Ng2 e3 30.fxe3 Bxe3 
31.Rd3 Rad8 32.Rxe3 Qxe3 33.h4 Qxb3 34.Qf2 
Rd1 0-1

[Event "HCL-C143"]
[Site "www.playchess.de"]
[Date "2001.02.05"]
[Round "18"]
[White "tiberiuskirk"]
[Black "hun"]
[WhiteElo "1106"]
[BlackElo "1804"]
[PlyCount "32"]
[Result "0-1"]

1.e4 Nf6 2.e5 Nd5 3.d4 d6 4.Nf3 Bg4 5.Be2 dxe5 
6.Nxe5 Bxe2 7.Qxe2 Nd7 8.Nf3 c5 9.c4 Qa5+ 10.Bd2 
Nb4 11.Bxb4 Qxb4+ 12.Qd2 Qxc4 13.dxc5 Nxc5 14.Nc3 
Nd3+ 15.Kd1 O-O-O 16.Kc2 Nb4+ 0-1

[Event "HCL-C146"]
[Site "www.playchess.de"]
[Date "2001.02.05"]
[Round "7"]
[White "SNIPER"]
[Black "dg"]
[WhiteElo "1000"]
[BlackElo "1223"]
[PlyCount "20"]
[Result "0-1"]

1.e4 e5 2.Nf3 Nc6 3.Bb5 d6 4.d4 Bd7 5.Nc3 Nf6 
6.O-O a6 7.dxe5 Nxe5 8.Nxe5 Bxb5 9.Nxb5 dxe5 
10.Qxd8+ Kxd8 0-1

[Event "HCL-C148"]
[Site "www.playchess.de"]
[Date "2001.02.05"]
[Round "2"]
[White "whoopingfunst"]
[Black "Translightor"]
[WhiteElo "700"]
[BlackElo "980"]
[PlyCount "38"]
[Result "0-1"]

1.e4 e5 2.Nf3 Nc6 3.Bc4 Nf6 4.Ng5 d5 5.exd5 Na5 
6.Bb5+ c6 7.dxc6 Nxc6 8.Bc4 Nd5 9.Qf3 Qxg5 10.Bxd5 
Nd8 11.d4 Qxc1+ 12.Ke2 Qxc2+ 13.Nd2 Nc6 14.Qxf7+ 
Kd8 15.Bxc6 bxc6 16.Rac1 Ba6+ 17.Kf3 Qxd2 18.Rhe1 
Bd6 19.Qxg7 Qf4+ 0-1

[Event "HCL-E010"]
[Site "www.playchess.de"]
[Date "2001.02.05"]
[Round "1"]
[White "peze2"]
[Black "Anicca"]
[WhiteElo "2000"]
[BlackElo "2000"]
[PlyCount "55"]
[Result "1-0"]

1.c4 e5 2.Nc3 f5 3.d4 e4 4.f3 exf3 5.Nxf3 Nf6 
6.Bg5 Be7 7.Bxf6 Bxf6 8.e4 fxe4 9.Nxe4 O-O 
10.Nxf6+ Rxf6 11.Be2 d6 12.O-O Bg4 13.Qb3 Nd7 
14.Qxb7 Rb8 15.Qxa7 Rxb2 16.Rae1 h6 17.Qa3 Qb8 
18.Bd1 Qb4 19.Re8+ Nf8 20.Qxb4 Rxb4 21.a3 Rb2 
22.d5 Rb1 23.Be2 Rb2 24.Nd4 Bd7 25.Rxf6 Bxe8 
26.Rf2 Bd7 27.Bh5 g6 28.Rxb2 1-0

[Event "HCL-E012"]
[Site "www.playchess.de"]
[Date "2001.02.05"]
[Round "8"]
[White "Goofy"]
[Black "Gearloose"]
[WhiteElo "2000"]
[BlackElo "2041"]
[PlyCount "89"]
[Result "1-0"]

1.d4 Nf6 2.c4 c5 3.d5 b5 4.cxb5 a6 5.b6 e6 6.Nc3 
exd5 7.Nxd5 Nxd5 8.Qxd5 Nc6 9.Nf3 Rb8 10.Ne5 Qf6 
11.Nxc6 dxc6 12.Qe4+ Be7 13.g3 Rxb6 14.Bg2 Be6 
15.O-O Qd4 16.Qc2 Qc4 17.Qxc4 Bxc4 18.b3 Bxe2 
19.Re1 Bg4 20.Ba3 Be6 21.f4 g6 22.Rac1 c4 23.Bxe7 
Kxe7 24.Rxc4 Kd6 25.Rd1+ Kc7 26.Rc5 Bd7 27.Rdc1 
Rc8 28.Re5 Re8 29.Rxe8 Bxe8 30.Re1 Kd8 31.Re4 Bd7 
32.Kf2 Be6 33.Bf1 Kc7 34.Ra4 Kb7 35.Ke3 f5 36.Kd4 
Bd5 37.Kc5 Ka7 38.Ra5 Kb7 39.b4 Be4 40.Ra3 Bd5 
41.Re3 Be4 42.a4 Ka7 43.g4 Rb7 44.gxf5 gxf5 
45.Bd3 1-0

[Event "HCL-E012"]
[Site "www.playchess.de"]
[Date "2001.02.05"]
[Round "11"]
[White "Aspidazzo"]
[Black "Aramis"]
[WhiteElo "1822"]
[BlackElo "2257"]
[PlyCount "30"]
[Result "0-1"]

1.e4 c5 2.Nc3 d6 3.g3 g6 4.Bg2 Bg7 5.f4 e6 6.Nf3 
Ne7 7.O-O O-O 8.d3 Nbc6 9.Be3 a6 10.a4 Rb8 11.Qd2 
b5 12.axb5 axb5 13.e5 Nf5 14.Bf2 Ncd4 15.exd6 
Nxf3+ {Iti propun remiza.}  0-1

[Event "HCL-E013"]
[Site "www.playchess.de"]
[Date "2001.02.05"]
[Round "17"]
[White "Goofy"]
[Black "danicant"]
[WhiteElo "2200"]
[BlackElo "2100"]
[PlyCount "25"]
[Result "1-0"]

1.d4 Nf6 2.c4 c5 3.d5 b5 4.cxb5 a6 5.b6 Qxb6 6.Nc3 
d6 7.e4 g6 8.Nf3 Bg7 9.Be2 O-O 10.O-O a5 11.Nd2 
Ba6 12.Kh1 Nbd7 13.f4 1-0

[Event "HCL-E014"]
[Site "www.playchess.de"]
[Date "2001.02.05"]
[Round "21"]
[White "ARMAGEDON_8"]
[Black "Tartan-Terror"]
[WhiteElo "2253"]
[BlackElo "2158"]
[PlyCount "31"]
[Result "1-0"]

1.d4 Nf6 2.c4 g6 3.Nc3 d5 4.Nf3 Bg7 5.Bg5 Ne4 
6.cxd5 Nxg5 7.Nxg5 e6 8.Qc1 exd5 9.Qe3+ Kf8 10.Qf4 
Bf6 11.h4 Kg7 12.e4 dxe4 13.Bc4 Qxd4 14.h5 e3 
15.h6+ Kf8 16.Qxd4 1-0

[Event "ACL-A030"]
[Site "www.playchess.de"]
[Date "2001.02.05"]
[Round "13"]
[White "Sebastian"]
[Black "Robama"]
[WhiteElo "1500"]
[BlackElo "1500"]
[PlyCount "48"]
[Result "0-1"]

1.e4 Nf6 2.f3 d5 3.d3 e6 4.e5 Nh5 5.d4 Bb4+ 6.c3 
Ba5 7.f4 Qh4+ 8.g3 Nxg3 9.hxg3 Qxh1 10.Nh3 Qe4+ 
11.Be2 Qg2 12.Nd2 Qxh3 13.Qa4+ Bd7 14.Bb5 Qxg3+ 
15.Kd1 b6 16.f5 exf5 17.Nf1 Qf3+ 18.Ke1 c6 19.Be2 
Qe4 20.Qa3 h5 21.Bg5 c5 22.Ng3 Qg2 23.Nxh5 O-O 
24.b3 Bxc3+ 0-1

[Event "ACL-A037"]
[Site "www.playchess.de"]
[Date "2001.02.05"]
[Round "29"]
[White "Spade"]
[Black "MarkusSSG"]
[WhiteElo "1500"]
[BlackElo "1768"]
[PlyCount "32"]
[Result "0-1"]

1.e4 c5 2.Nf3 d6 3.d4 cxd4 4.Nxd4 Nf6 5.Nc3 g6 
6.Be3 Bg7 7.Be2 O-O 8.O-O a6 9.Qd2 Nc6 10.Rad1 Bd7 
11.f4 Rc8 12.f5 b5 13.a3 Ne5 14.Bh6 Qb6 15.Bxg7 
Kxg7 16.fxg6 hxg6 0-1

[Event "ACL-A056"]
[Site "www.playchess.de"]
[Date "2001.02.05"]
[Round "11"]
[White "love_spuds"]
[Black "Goofy"]
[WhiteElo "1357"]
[BlackElo "1752"]
[PlyCount "48"]
[Result "0-1"]

1.e4 c5 2.Nf3 Nc6 3.d4 cxd4 4.Nxd4 Nf6 5.Nc3 d6 
6.Bb5 Bd7 7.Nxc6 bxc6 8.Be2 e5 9.Bg5 Be7 10.Bxf6 
gxf6 11.O-O f5 12.Bf3 fxe4 13.Bxe4 Rb8 14.b3 d5 
15.Bf3 e4 16.Bg4 Rg8 17.Bxd7+ Qxd7 18.f3 Qh3 19.g3 
Rxg3+ 20.hxg3 Bc5+ 21.Rf2 Qxg3+ 22.Kh1 Bxf2 23.Qf1 
exf3 24.Ne2 Qh4+ 0-1

[Event "ACL-A057"]
[Site "www.playchess.de"]
[Date "2001.02.05"]
[Round "6"]
[White "Chris"]
[Black "MicronHead"]
[WhiteElo "1500"]
[BlackElo "1469"]
[PlyCount "56"]
[Result "0-1"]

1.c4 e5 2.Nc3 Nf6 3.g3 d5 4.cxd5 Nxd5 5.Bg2 Nxc3 
6.bxc3 Bc5 7.e3 O-O 8.d4 exd4 9.cxd4 Bb6 10.Ne2 
Re8 11.O-O Qf6 12.Ba3 Nc6 13.Nf4 Bf5 14.Nd5 Qg6 
15.Nxb6 axb6 16.Qb3 Rad8 17.Rac1 Rd7 18.Rc3 Be4 
19.Rfc1 Bxg2 20.Kxg2 Qe4+ 21.Kg1 Red8 22.Qc2 Qxc2 
23.R1xc2 f5 24.Kg2 Kf7 25.Kf3 Ke6 26.Kf4 g6 27.h4 
h6 28.Bb2 Nb4 0-1

[Event "ACL-A058"]
[Site "www.playchess.de"]
[Date "2001.02.05"]
[Round "4"]
[White "dzwonek"]
[Black "Taher"]
[WhiteElo "1632"]
[BlackElo "2045"]
[PlyCount "35"]
[Result "1-0"]

1.d4 f5 2.Nf3 Nf6 3.c4 e6 4.Nc3 Bb4 5.Bg5 O-O 6.e3 
b6 7.Bd3 Bb7 8.Qb3 Bxf3 9.gxf3 c5 10.Rg1 Nc6 11.d5 
exd5 12.cxd5 Ne5 13.Be2 Qe8 14.O-O-O d6 15.Kb1 a6 
16.Qc2 b5 17.h3 Qf7 18.Qxf5 1-0

[Event "ACL-A065"]
[Site "www.playchess.de"]
[Date "2001.02.05"]
[Round "31"]
[White "Pupser"]
[Black "Machiavelli_________"]
[WhiteElo "1500"]
[BlackElo "1500"]
[PlyCount "51"]
[Result "1-0"]

1.e4 c5 2.Nf3 e6 3.d4 cxd4 4.Nxd4 Nc6 5.Nc3 a6 
6.Be2 Qc7 7.O-O Nf6 8.Be3 Be7 9.f4 d6 10.Qe1 Nxd4 
11.Bxd4 O-O 12.Qg3 b5 13.a3 Bb7 14.Kh1 Rac8 15.Bd3 
Rfd8 16.Rae1 Bc6 17.Re2 Qb7 18.Nd1 b4 19.axb4 Qxb4 
20.Bc3 Qb7 21.Nf2 Bb5 22.Ng4 Ne8 23.f5 e5 24.f6 
Bf8 25.Nh6+ Kh8 26.fxg7+ 1-0

[Event "ACL-A072"]
[Site "www.playchess.de"]
[Date "2001.02.05"]
[Round "19"]
[White "Smutje"]
[Black "Zsozso"]
[WhiteElo "1273"]
[BlackElo "1500"]
[PlyCount "58"]
[Result "0-1"]

1.e3 f5 2.Qf3 g6 3.Bc4 Nf6 4.Bb3 e5 5.Nc3 c6 6.h4 
d5 7.a4 Be6 8.Rh3 Bd6 9.Rg3 e4 10.Qe2 Nbd7 11.f4 
f3 12.Nxf3 Bxg3+ 13.Kd1 Nc5 14.Ng5 Qd6 15.Ba2 Nce4 
16.Nxe6 Qxe6 17.d4 Nf2+ 18.Kd2 N6e4+ 19.Ke1 Nxc3 
20.bxc3 Ne4+ 21.Kd1 Nxc3+ 22.Kd2 {shit}  Nxe2 
23.Kxe2 Qe4 24.Bb3 f4 25.Bd2 Qxg2+ 26.Kd3 Qe4+ 
27.Kc3 fxe3 28.Bc1 {remis?}  c5 29.a5 Qxd4+ 
{Perhaps.}  0-1

[Event "ACL-E002"]
[Site "www.playchess.de"]
[Date "2001.02.05"]
[Round "3"]
[White "peze"]
[Black "rht341"]
[WhiteElo "1876"]
[BlackElo "2112"]
[PlyCount "85"]
[Result "1/2-1/2"]

1.d4 d5 2.c4 c6 3.Nc3 Nf6 4.Nf3 e6 5.e3 Nbd7 6.Bd3 
dxc4 7.Bxc4 b5 8.Bd3 Bb7 9.e4 b4 10.Na4 c5 11.e5 
Nd5 12.Nxc5 Nxc5 13.dxc5 Bxc5 {Hello again!  Great 
to be playing again.}  14.O-O {Hello Richard, nice 
to play with you again.}  h6 15.Nd2 O-O 16.Nb3 Bb6 
17.Qg4 f5 18.Qg3 g5 19.h4 Rf7 20.Be2 Rg7 21.hxg5 
hxg5 22.Bf3 g4 23.Bxd5 Qxd5 24.Be3 Rd8 25.Rac1 Rh7 
26.Bxb6 Rh3 27.Rcd1 Rxg3 28.Rxd5 Rxg2+ 29.Kxg2 
Bxd5+ 30.Kg3 axb6 31.Rd1 Kf7 32.Kf4 Rg8 33.Rc1 Rh8 
34.Nd4 Ra8 35.Ra1 b3 36.a3 Rh8 37.Re1 Rh3 38.Rd1 
g3 39.fxg3 Rh2 40.g4 Rxb2 41.gxf5 exf5 42.Nxf5 
Rf2+ 43.Ke3 1/2-1/2

[Event "ACL-E006"]
[Site "www.playchess.de"]
[Date "2001.02.05"]
[Round "4"]
[White "Utesch"]
[Black "Bauernopfer"]
[WhiteElo "1738"]
[BlackElo "1644"]
[PlyCount "71"]
[Result "1-0"]

1.d4 {ich wünsche uns eine spannende Partie! Gruß 
Wolfgang}  d5 {Gleichfalls. Nach der langen Pause 
muß man erst mal wieder in die Partien 
hineinfinden.}  2.c4 {Das ist bei unserer ja kein 
Problem, weil neu!}  e6 {Stimmt, aber ich habe 
fast 20 weitere Partien laufen.}  3.Nf3 {dann 
leidest Du ja nicht an Arbeitsmangel!}  c6 {Gruhni 
hat sogar über 30!}  4.Nc3 {Das wäre mir zuviel!}  
Nf6 5.Bg5 h6 6.Bxf6 {Ist ja der helle Wahnsinn!}  
Qxf6 7.e3 Bb4 8.Qb3 Bxc3+ {Übrigens Glückwunsch 
zum Sieg gegen meinen Bekannten Gruhni.}  9.Qxc3 
{Danke! Wir haben Email-Blitz gespielt.}  O-O {Dem 
stimme ich uneingeschränkt zu.}  10.Bd3 Nd7 11.O-O 
c5 {.}  12.cxd5 {.}  exd5 13.b3 b6 14.Rfc1 cxd4 
15.Qxd4 Qxd4 16.Nxd4 Nf6 17.Rc7 g5 18.Rac1 Bd7 
{--}  19.Bf5 Rfd8 20.Rb7 Rdc8 21.Rxc8+ Bxc8 
22.Bxc8 Rxc8 23.f3 Ra8 24.Nc6 Re8 25.Kf2 Kg7 {:-(} 
 26.Rxa7 {Nicht traurig sein, Du machst doch nur 
Deinem Namen Ehre! Gruß Wolfgang}  g4 {Das war 
aber mehr ein Bauernverlust. Aber zumindestens 
werde ich nicht absteigen.}  27.Rb7 {Stimmt!}  Ra8 
{.}  28.a4 Re8 {Ich glaube hier wird wohl mehr 
kein Blumentopf zu gewinnen zu sein.}  29.Nd4 
{Blumentöpfe vielleicht, aber wohl nicht die 
Partie!}  Re5 {Naja, dafür habe ich und die 
Mannschaft gestern gewonnen.}  30.Rxb6 {Dazu 
meinen herzlichen Glückwunsch! In welcher 
Sportart?}  Rh5 {Na in Schach natürlich.}  31.a5 
{Ach so! Aber gibt ja so viele Sortarten, wo man 
gewinnen oder verlieren kann.}  gxf3 {Das stimmt, 
aber mit Schach lag hier doch sehr nahe.}  32.a6 
{Da hast Du sicherlich recht. Entschuldigung!}  
Rxh2 {Macht doch nichts. Gruhni war auch dabei. 
Wir sind im selben Verein.}  33.Nxf3 Rh1 {.}  
34.Rxf6 {.}  Rb1 {Hut ab, verdammt guter Zug.}  
35.Rb6 {Behalte ruhig Deinen Hut auf. In dieser 
Stellung ist es leicht zu zaubern!}  f6 {Bisher 
ist deine Statistik ja tadellos. Und sie bleibt es 
vorher auch, denn ich werde jetzt aufgeben}  
36.Rb4 {Ich bedanke mich für die faire Patie!} 
 1-0

[Event "HCL-C151"]
[Site "www.playchess.de"]
[Date "2001.02.05"]
[Round "18"]
[White "Pocman"]
[Black "O_Man"]
[WhiteElo "800"]
[BlackElo "1111"]
[PlyCount "43"]
[Result "1-0"]

1.d4 d5 2.c4 Nf6 3.cxd5 Nxd5 4.e4 Nb4 5.Qa4+ N8c6 
6.d5 Bd7 7.dxc6 Nxc6 8.Qd1 e5 9.Nf3 Bc5 10.Bc4 Qf6 
11.O-O O-O-O 12.Bg5 Qg6 13.Bxd8 Rxd8 14.Nbd2 Bh3 
15.Ne1 Bb4 16.Qb3 Bxg2 17.Nxg2 Rxd2 18.Rad1 Qxe4 
19.Bd5 Qd4 20.Bxc6 bxc6 21.Rxd2 Qxd2 
22.Rd1 1-0

[Event "HCL-B144"]
[Site "www.playchess.de"]
[Date "2001.02.05"]
[Round "7"]
[White "chrisg"]
[Black "ggaarrii"]
[WhiteElo "1459"]
[BlackElo "1387"]
[PlyCount "59"]
[Result "1-0"]

1.e4 c5 2.f4 d6 3.Nc3 Nf6 4.Bc4 e6 5.Qe2 Be7 6.e5 
dxe5 7.fxe5 Nfd7 8.Nf3 Nc6 9.Qe4 O-O 10.O-O a6 
11.d3 Qc7 12.Bf4 b5 13.Bb3 Bb7 14.Qe1 Na5 15.Rd1 
Nxb3 16.cxb3 Rfd8 17.Qe2 b4 18.Ne4 a5 19.Nfg5 Rdf8 
20.Nf6+ gxf6 21.exf6 Qc6 22.fxe7 Rfe8 23.Ne4 Kh8 
24.Nf6 Nxf6 25.Be5 Reg8 26.Bxf6+ Rg7 27.Bxg7+ Kxg7 
28.Qe5+ Kg8 29.Qg5+ Kh8 30.Qf6+ 1-0

[Event "ACL-A080"]
[Site "www.playchess.de"]
[Date "2001.02.05"]
[Round "5"]
[White "Player"]
[Black "Zsozso"]
[WhiteElo "1500"]
[BlackElo "1500"]
[PlyCount "41"]
[Result "1/2-1/2"]

1.e4 c5 2.Nf3 Nc6 3.Bb5 e6 4.O-O Nge7 5.Nc3 a6 
6.Bxc6 Nxc6 7.d4 cxd4 8.Nxd4 Qc7 9.Re1 Be7 10.Nxc6 
dxc6 11.Be3 O-O 12.Qh5 b5 13.Rad1 Bb7 14.Bd4 c5 
15.Be5 Qc6 16.Qg4 f6 17.Bd6 Rfe8 18.Bxe7 Rxe7 
19.e5 f5 20.Qg5 Qe8 21.a3 1/2-1/2

[Event "HCL-C155"]
[Site "www.playchess.de"]
[Date "2001.02.05"]
[Round "5"]
[White "Translightor"]
[Black "jayr015"]
[WhiteElo "1041"]
[BlackElo "1004"]
[PlyCount "61"]
[Result "1-0"]

1.e4 {Hi & Welcome!}  e5 {Good Luck!!}  2.Nf3 d6 
3.d4 f6 4.dxe5 fxe5 5.Nxe5 dxe5 6.Qh5+ g6 7.Qxe5+ 
Qe7 8.Qxh8 Qg7 9.Qxg7 Bxg7 10.c3 Nc6 11.Bb5 Bd7 
12.Bf4 O-O-O 13.Nd2 Nf6 14.O-O h6 15.Rad1 g5 
16.Be3 a6 17.Bc4 Bg4 18.f3 Bd7 19.Nb3 Ne5 20.Be2 
Bb5 21.Rxd8+ Kxd8 22.Bxb5 axb5 23.Nc5 Kc8 24.Rd1 
b6 25.Ne6 Nh5 26.g4 Bf6 27.gxh5 Nxf3+ 28.Kg2 Nh4+ 
29.Kf2 Be5 30.Rd8+ Kb7 31.h3 1-0

[Event "HCL-A068"]
[Site "www.playchess.de"]
[Date "2001.02.05"]
[Round "7"]
[White "peze"]
[Black "paule"]
[WhiteElo "1939"]
[BlackElo "1910"]
[PlyCount "72"]
[Result "1/2-1/2"]

1.d4 c5 {I always play Old-Benoni...:) If me 
allow, certainly.}  2.d5 {o.k. :-))}  e5 3.e4 d6 
4.Nc3 Be7 5.Nf3 Bg4 6.h3 Bxf3 7.Qxf3 Bg5 8.Bxg5 
Qxg5 9.Nb5 Qd8 10.Qg4 Kf8 11.Nxd6 Nf6 12.Qc8 Qxc8 
13.Nxc8 Nxe4 14.Bd3 Nd7 15.Bxe4 Rxc8 16.O-O-O Nf6 
17.Rhe1 Nxe4 18.Rxe4 {Good Morning Pavel! :-)}  f6 
{Good afternoon! (12:45 PM msk) :)}  19.f4 {"msk" 
= Moskwa ?}  exf4 {Yes. I think, the account will 
be 2:0 in your advantage literally through some 
moves...}  20.d6 {...the games are not yet over! 
By your request we played Old Benoni. Why?}  Kf7 
{I played very carelessly. Knowing force of your 
game, it was necessary to prefer other plan.}  
21.Re7+ {...in the next game. :-)}  Kg6 {1:0... 
You are in the lead.}  22.Rxb7 {...with a little 
luck; but I like the "Russian Defence" more and 
more.}  Rhd8 {Probably, in your variant (in "RD") 
White it is necessary to play 8.c4}  23.Rxa7 {Yes, 
8.c4 is the best move. ...in the next game ?}  Rc6 
{May be!}  24.d7 Kf5 {last chance...}  25.a4 g5 
26.a5 {It's difficult...}  h5 {Yes, I know...}  
27.a6 g4 28.hxg4+ hxg4 29.Kd2 g3 30.Kc3 f3 {It 
already with despair...}  31.gxf3 {...a craizy 
game}  Kf4 {:)}  32.Kc4 f5 33.Kb5 Rg6 34.Rb7 {I 
have new hopes ...}  g2 {I think, 90% draw}  35.a7 
{!?}  Rgg8 {Certainly, I could not see any 
variant...}  36.Kxc5 {o.k. draw! Thank you for a 
thrilling game. See you soon! Peter}  Kxf3 
{Mutually.}  1/2-1/2

[Event "ACL-A080"]
[Site "www.playchess.de"]
[Date "2001.02.05"]
[Round "18"]
[White "Smutje"]
[Black "deepcover"]
[WhiteElo "1272"]
[BlackElo "1730"]
[PlyCount "30"]
[Result "0-1"]

1.e4 e5 2.Qf3 Nf6 3.Bc4 Nc6 4.g4 Nd4 5.Qd3 d5 
6.exd5 Bxg4 7.h3 Bf5 8.Qg3 Nxc2+ 9.Kf1 Qd6 10.Qg5 
Qd7 11.Nf3 Bxh3+ 12.Ke2 Bg4 13.Qxe5+ Be7 14.b3 
Bxf3+ 15.Kxf3 Qg4+ 0-1

[Event "ACL-A081"]
[Site "www.playchess.de"]
[Date "2001.02.05"]
[Round "21"]
[White "Player"]
[Black "Steve_Jackson"]
[WhiteElo "1746"]
[BlackElo "1500"]
[PlyCount "38"]
[Result "0-1"]

1.e4 e5 2.f4 d6 3.Nf3 f5 4.Nc3 fxe4 5.Nxe4 d5 
6.Nxe5 dxe4 7.Qh5+ g6 8.Nxg6 hxg6 9.Qxh8 Nf6 10.b3 
Be6 11.Ba3 Nbd7 12.O-O-O Kf7 13.Bxf8 Nxf8 14.h4 
Qd4 15.c3 Qd6 16.f5 gxf5 17.h5 Qg3 18.h6 Re8 
19.Rh3 Qg5 0-1

[Event "HCL-C159"]
[Site "www.playchess.de"]
[Date "2001.02.05"]
[Round "10"]
[White "hun"]
[Black "dakini"]
[WhiteElo "1805"]
[BlackElo "1450"]
[PlyCount "47"]
[Result "1-0"]

1.e4 e5 {Hallo Laszlo, alles klar bei Dir?}  2.Nf3 
{Ja, danke Thomas! Also der bessere soll Gewinnen! 
Warscheintlich DU !    ;))}  Nf6 {Das schöne ist 
bei uns kann jeder der bessere sein!}  3.d3 { :-)} 
 Nc6 {und los geht´s wieder}  4.Be2 Bc5 5.c3 d5 
6.exd5 {ja...}  Bxf2+ 7.Kxf2 {... so Offensin?  
:)}  Ng4+ {Muß mal sein!}  8.Kg1 {   :)}  h6 
9.dxc6 {...aber gegen Offensive nicht außer acht 
lassen!}  Qf6 {Alles oder nichts!}  10.h3 {  ;)}  
e4 {So etwas mache ich nicht nochmal ... nur 
Frust!!!!}  11.cxb7 {...aber-aber,nicht so negativ 
sehen!   :)}  Bxb7 {next time wird wieder solide 
aufgebaut. Wollen wir die Partie bei 
schachspiel.de remis enden lassen?}  12.dxe4 {OK!  
:)   Gruß    L.}  Rd8 13.Qa4+ c6 14.hxg4 O-O 15.g5 
{...ja!   :)}  hxg5 16.Bxg5 {...wo ist dein 
"remis" angebot? Gruß   L.   :)}  Qd6 17.Bxd8 Rxd8 
18.Qxa7 { ;)}  Rd7 19.Nbd2 c5 20.Rh5 f5 21.Bc4+ 
Kf8 22.Rxf5+ Ke8 23.Qxc5 Qe7 24.Re5 1-0

[Event "HCL-C159"]
[Site "www.playchess.de"]
[Date "2001.02.05"]
[Round "20"]
[White "Stef"]
[Black "dakini"]
[WhiteElo "1000"]
[BlackElo "1450"]
[PlyCount "76"]
[Result "0-1"]

1.d4 d5 2.c3 Bf5 3.Na3 e6 4.h4 Nf6 5.Nf3 h6 6.Nb5 
a6 7.Na3 c5 8.e3 b5 9.Nc2 Bg4 10.Bd3 Ne4 11.Bxe4 
dxe4 12.Rh3 Bxh3 13.gxh3 exf3 14.Qxf3 Qxh4 15.Qxa8 
Bd6 {Da habe ich aber voll geschlafen ...}  16.Qh1 
O-O 17.e4 e5 18.Be3 f5 19.O-O-O fxe4 20.Rg1 exd4 
21.cxd4 cxd4 22.Bxd4 g5 23.Rg4 Qh5 24.Qxe4 Rxf2 
25.Qd5+ Rf7 26.Qxd6 Qxh3 27.Rg3 Rf1+ 28.Kd2 Qh2+ 
29.Kd3 Rd1+ 30.Ke4 Qxc2+ 31.Kd5 Qf5+ 32.Qe5 Rxd4+ 
{Remis geht leider nicht, weil ich eine schöne 
Kombi gefunden habe. Sorry!}  33.Kc5 Qxe5+ 34.Kb6 
{lang gehts nicht mehr}  Qd6+ {War aber ein 
ungalublich spannendes Spiel. Danke. Hoffentlich 
gibts da mal Revanche.}  35.Ka7 Qc7+ 36.Ka8 Nc6 
37.Rxg5+ hxg5 {Also nochmal, vielen Dank für das 
schöne spannende Spiel. Viele Grüße  Thomas}  
38.b4 {das war ja jetzt mein letzter zug. danke 
für das faire spiel.}  Qa7+ 0-1

[Event "ACL-A083"]
[Site "www.playchess.de"]
[Date "2001.02.05"]
[Round "15"]
[White "Mother_Teresa"]
[Black "dakini"]
[WhiteElo "1505"]
[BlackElo "1405"]
[PlyCount "60"]
[Result "0-1"]

1.e4 c5 2.Nf3 Nc6 3.Bc4 Nf6 4.Nc3 e6 5.O-O d5 
6.exd5 exd5 7.Bb5 Bg4 8.d3 Be7 9.Bg5 O-O 10.Re1 
Nd4 11.h3 Nxf3+ 12.gxf3 Bxh3 13.Bh4 a6 14.Ba4 b5 
15.Bb3 c4 16.dxc4 dxc4 17.Qe2 Be6 18.a4 cxb3 
19.axb5 Nd5 20.Bg3 Nxc3 21.bxc3 b2 22.Rab1 Ba3 
23.c4 Re8 24.Qd3 Qxd3 25.cxd3 axb5 26.cxb5 Bd5 
27.Rxe8+ Rxe8 28.b6 Re6 29.Kg2 Rxb6 30.Be5 
Ba2 0-1

[Event "HCL-C163"]
[Site "www.playchess.de"]
[Date "2001.02.05"]
[Round "4"]
[White "Nutz"]
[Black "janus"]
[WhiteElo "1119"]
[BlackElo "1682"]
[PlyCount "58"]
[Result "0-1"]

1.e4 Nc6 2.Bc4 Nf6 3.Qf3 e6 4.Nc3 Ne5 5.Qe2 Nxc4 
6.Qxc4 d5 7.exd5 exd5 8.Qe2+ Be7 9.d4 O-O 10.Nf3 
Re8 11.O-O Bf5 12.Qb5 Qd6 13.Qxb7 Reb8 14.Nb5 Rxb7 
15.Nxd6 Bxd6 16.Bd2 Rxb2 17.c3 Ne4 18.Bc1 Rc2 
19.Nh4 Be6 20.f3 Nxc3 21.f4 Bg4 22.f5 Re8 23.h3 
Ne2+ 24.Kh1 Ng3+ 25.Kg1 Nxf1 26.hxg4 Re1 27.Nf3 
Bh2+ 28.Nxh2 Ne3+ 29.Nf1 Rxg2+ 0-1

[Event "HCL-B155"]
[Site "www.playchess.de"]
[Date "2001.02.05"]
[Round "21"]
[White "Bauernopfer"]
[Black "Yogibear"]
[WhiteElo "1314"]
[BlackElo "1898"]
[PlyCount "28"]
[Result "0-1"]

1.e4 c6 2.Nf3 d5 3.exd5 cxd5 4.Bb5+ Bd7 5.Bxd7+ 
Nxd7 6.O-O Ngf6 7.d3 e6 8.Nc3 Be7 9.Bg5 O-O 10.Qe2 
Rc8 11.a3 Qb6 12.b3 Rxc3 {???}  13.Qd2 {Hab es in 
dem Moment gesehen als ich move drückte. Konnte 
die Ausführung aber nicht mehr stoppen.}  Rfc8 
{ist mir auch schon oft passiert!}  14.Rac1 {Nein, 
das war eben erst das zweite Mal. Deshalb werde 
ich jetzt auch aufgeben.}  Bxa3 {hast recht,lohnt 
das Weiterspielen nicht.Trotzdem Danke für die 
Partie!}  0-1